Fußballweltmeister - Sudden Death - Statistiken

Allgemein
  • Dieses Quiz wurde 2.561 mal gespielt
  • Das Durchschnittsergebnis liegt bei 9 aus 30
Answers on the Grid
Answers color-coded by a green-red scale on the quiz's grid according to % correct below.
Raúl Albiol
Xabi Alonso
Franco Baresi
Franz Beckenbauer
Gianluigi Buffon
Cafu
Fabio Cannavaro
Alessandro Del Piero
Didier Deschamps
Cesc Fàbregas
Alcides Ghiggia
Antoine Griezmann
Geoff Hurst
Thierry Henry
Kaká
Toni Kroos
Philipp Lahm
Diego Armando Maradona
Lothar Matthäus
Lionel Messi
Mesut Özil
Pelé
Gerard Piqué
Sergio Ramos
Rivaldo
Ronaldinho
Bastian Schweinsteiger
Francesco Totti
Raphaël Varane
Xavi
Gheorghe Hagi
Michael Ballack
Luis Suarez
Alfredo Di Stefano
Cristiano Ronaldo
Michel Platini
Johan Cruyff
Ferenc Puskás
Marco van Basten
Eusebio
George Best
Paolo Maldini
Zlatan Ibrahimović
Zico
Socrates
Dennis Bergkamp
Eric Canton
Andrij Shevchenko
Luis Figo
Lev Yashin
Clarence Seedorf
Roberto Baggio
Steven Gerrard
Ruud Gullit
Ryan Giggs
Yaya Toure
Kenny Dalglish
Didier Drogba
Raul
Luka Modrić
 
Antwortstatistiken
Antwort % Korrekt
Lionel Messi
50%
Toni Kroos
49%
Mesut Özil
48%
Philipp Lahm
48%
Pelé
45%
Bastian Schweinsteiger
44%
Franz Beckenbauer
41%
Lothar Matthäus
41%
Xabi Alonso
38%
Xavi
38%
Antoine Griezmann
37%
Sergio Ramos
36%
Ronaldinho
33%
Gianluigi Buffon
32%
Diego Armando Maradona
31%
Gerard Piqué
31%
Kaká
28%
Cafu
25%
Fabio Cannavaro
25%
Raphaël Varane
25%
Cesc Fàbregas
24%
Thierry Henry
24%
Didier Deschamps
22%
Rivaldo
22%
Alessandro Del Piero
18%
Francesco Totti
17%
Franco Baresi
9%
Geoff Hurst
8%
Raúl Albiol
7%
Alcides Ghiggia
4%
Keine übereinstimmenden Quizze gefunden
Verteilung der Resultate
Anzahl Personen mit jedem Resultat
Perzentil nach korrekt beantworteten Fragen
Ihre Resultats-Entwicklung
Sie haben dieses Quiz noch nicht gespielt